<?xml version="1.0" encoding="UTF-8"?>
<record
    xmlns:xsi="http://www.w3.org/2001/XMLSchema-instance"
    xsi:schemaLocation="http://www.loc.gov/MARC21/slim http://www.loc.gov/standards/marcxml/schema/MARC21slim.xsd"
    xmlns="http://www.loc.gov/MARC21/slim">

  <leader>02157nam a22002655a 4500</leader>
  <controlfield tag="005">20170114122610.0</controlfield>
  <controlfield tag="008">160216s2015    ua a   frb   f000 0 eng d</controlfield>
  <datafield tag="040" ind1=" " ind2=" ">
    <subfield code="a">EG-ScBUE</subfield>
    <subfield code="b">eng</subfield>
    <subfield code="c">EG-ScBUE</subfield>
  </datafield>
  <datafield tag="043" ind1=" " ind2=" ">
    <subfield code="a">f-ua---</subfield>
  </datafield>
  <datafield tag="082" ind1="0" ind2="4">
    <subfield code="a">624.18210962</subfield>
    <subfield code="b">EGY</subfield>
    <subfield code="2">22</subfield>
  </datafield>
  <datafield tag="110" ind1="1" ind2=" ">
    <subfield code="a">Egypt.</subfield>
    <subfield code="b">Ministry of Housing, Utilities and Urban Development.</subfield>
    <subfield code="b">Housing and Building National Research Center.</subfield>
    <subfield code="9">39365</subfield>
  </datafield>
  <datafield tag="245" ind1="1" ind2="0">
    <subfield code="a">Design AIDS and examples :</subfield>
    <subfield code="b">in accordance with the Egyptain code for design and construction of concrete structures ECP 203 - 2007 : limit states design method of concrete structures = &#x645;&#x633;&#x627;&#x639;&#x62F;&#x627;&#x62A; &#x627;&#x644;&#x62A;&#x635;&#x645;&#x64A;&#x645; &#x645;&#x639; &#x623;&#x645;&#x62B;&#x644;&#x629; : &#x637;&#x628;&#x642;&#x627; &#x644;&#x644;&#x643;&#x648;&#x62F; &#x627;&#x644;&#x645;&#x635;&#x631;&#x64A; &#x644;&#x62A;&#x635;&#x645;&#x64A;&#x645; &#x648;&#x62A;&#x646;&#x641;&#x64A;&#x630; &#x627;&#x644;&#x645;&#x646;&#x634;&#x622;&#x62A; &#x627;&#x644;&#x62E;&#x631;&#x633;&#x627;&#x646;&#x64A;&#x629; &#x643;&#x648;&#x62F; 203  - 2007 : &#x62A;&#x635;&#x645;&#x64A;&#x645; &#x627;&#x644;&#x639;&#x646;&#x627;&#x635;&#x631; &#x627;&#x644;&#x62E;&#x631;&#x633;&#x627;&#x646;&#x64A;&#x629; &#x628;&#x637;&#x631;&#x64A;&#x642;&#x629; &#x627;&#x644;&#x62D;&#x62F;&#x648;&#x62F; &#x627;&#x644;&#x642;&#x635;&#x648;&#x649; /</subfield>
    <subfield code="c">[prepared by] Housing and Building National Research Center, Ministry of Housing, Utilities and Urban Development and Permanent committee for the code of practice for steel construction and bridges.</subfield>
  </datafield>
  <datafield tag="246" ind1="3" ind2="1">
    <subfield code="a">&#x645;&#x633;&#x627;&#x639;&#x62F;&#x627;&#x62A; &#x627;&#x644;&#x62A;&#x635;&#x645;&#x64A;&#x645; &#x645;&#x639; &#x623;&#x645;&#x62B;&#x644;&#x629; : &#x637;&#x628;&#x642;&#x627; &#x644;&#x644;&#x643;&#x648;&#x62F; &#x627;&#x644;&#x645;&#x635;&#x631;&#x64A; &#x644;&#x62A;&#x635;&#x645;&#x64A;&#x645; &#x648;&#x62A;&#x646;&#x641;&#x64A;&#x630; &#x627;&#x644;&#x645;&#x646;&#x634;&#x622;&#x62A; &#x627;&#x644;&#x62E;&#x631;&#x633;&#x627;&#x646;&#x64A;&#x629; &#x643;&#x648;&#x62F; 203  - 2007 : &#x62A;&#x635;&#x645;&#x64A;&#x645; &#x627;&#x644;&#x639;&#x646;&#x627;&#x635;&#x631; &#x627;&#x644;&#x62E;&#x631;&#x633;&#x627;&#x646;&#x64A;&#x629; &#x628;&#x637;&#x631;&#x64A;&#x642;&#x629; &#x627;&#x644;&#x62D;&#x62F;&#x648;&#x62F; &#x627;&#x644;&#x642;&#x635;&#x648;&#x649; </subfield>
  </datafield>
  <datafield tag="246" ind1="3" ind2="4">
    <subfield code="a">&#x645;&#x633;&#x627;&#x639;&#x62F;&#x627;&#x62A; &#x627;&#x644;&#x62A;&#x635;&#x645;&#x64A;&#x645; &#x645;&#x639; &#x623;&#x645;&#x62B;&#x644;&#x629; : &#x62A;&#x635;&#x645;&#x64A;&#x645; &#x627;&#x644;&#x639;&#x646;&#x627;&#x635;&#x631; &#x627;&#x644;&#x62E;&#x631;&#x633;&#x627;&#x646;&#x64A;&#x629; &#x628;&#x637;&#x631;&#x64A;&#x642;&#x629; &#x627;&#x644;&#x62D;&#x62F;&#x648;&#x62F; &#x627;&#x644;&#x642;&#x635;&#x648;&#x649; &#x637;&#x628;&#x642;&#x627; &#x644;&#x644;&#x643;&#x648;&#x62F; &#x627;&#x644;&#x645;&#x635;&#x631;&#x64A; &#x644;&#x62A;&#x635;&#x645;&#x64A;&#x645; &#x648;&#x62A;&#x646;&#x641;&#x64A;&#x630; &#x627;&#x644;&#x645;&#x646;&#x634;&#x622;&#x62A; &#x627;&#x644;&#x62E;&#x631;&#x633;&#x627;&#x646;&#x64A;&#x629; &#x643;&#x648;&#x62F; 203 - 2007</subfield>
  </datafield>
  <datafield tag="260" ind1=" " ind2=" ">
    <subfield code="a">[Cairo] :</subfield>
    <subfield code="b">Ministry of Housing, Utilities and Urban Development, Housing and Building National Research Center,</subfield>
    <subfield code="c">2015.</subfield>
  </datafield>
  <datafield tag="300" ind1=" " ind2=" ">
    <subfield code="a">2 v. :</subfield>
    <subfield code="b">ill. ;</subfield>
    <subfield code="c">29 cm.</subfield>
  </datafield>
  <datafield tag="500" ind1=" " ind2=" ">
    <subfield code="a">Part 1, Issuing 2009 - Part 2, Issuing 2011 and 2 parts printed 2015.</subfield>
  </datafield>
  <datafield tag="504" ind1=" " ind2=" ">
    <subfield code="a">Includes bibliographical references.</subfield>
  </datafield>
  <datafield tag="650" ind1=" " ind2="0">
    <subfield code="a">Steel, Structural.</subfield>
    <subfield code="z">Egypt.</subfield>
    <subfield code="2">BUEsh</subfield>
    <subfield code="9">7133</subfield>
  </datafield>
  <datafield tag="650" ind1=" " ind2="0">
    <subfield code="a">Building, Iron and steel.</subfield>
    <subfield code="z">Egypt.</subfield>
    <subfield code="2">BUEsh</subfield>
    <subfield code="9">3189</subfield>
  </datafield>
  <datafield tag="651" ind1=" " ind2=" ">
    <subfield code="2">BUEsh</subfield>
  </datafield>
  <datafield tag="653" ind1=" " ind2=" ">
    <subfield code="b">ENGGEN</subfield>
    <subfield code="b">ENGARC</subfield>
    <subfield code="c">January2017</subfield>
  </datafield>
  <datafield tag="710" ind1="2" ind2=" ">
    <subfield code="a">Permanent committee for the code of practice for steel construction and bridges</subfield>
  </datafield>
  <datafield tag="942" ind1=" " ind2=" ">
    <subfield code="2">ddc</subfield>
  </datafield>
  <datafield tag="999" ind1=" " ind2=" ">
    <subfield code="c">23922</subfield>
    <subfield code="d">23894</subfield>
  </datafield>
  <datafield tag="952" ind1=" " ind2=" ">
    <subfield code="0">0</subfield>
    <subfield code="1">0</subfield>
    <subfield code="2">ddc</subfield>
    <subfield code="4">0</subfield>
    <subfield code="7">0</subfield>
    <subfield code="8">Housing an</subfield>
    <subfield code="a">MAIN</subfield>
    <subfield code="b">MAIN</subfield>
    <subfield code="c">1ST</subfield>
    <subfield code="d">2017-01-14</subfield>
    <subfield code="e">Purchase</subfield>
    <subfield code="g">70.00</subfield>
    <subfield code="h">6125</subfield>
    <subfield code="l">0</subfield>
    <subfield code="o">624.18210962 EGY</subfield>
    <subfield code="p">000040928</subfield>
    <subfield code="r">2025-07-15 00:00:00</subfield>
    <subfield code="v">87.50</subfield>
    <subfield code="y">NB</subfield>
    <subfield code="z">VOL. 1.</subfield>
  </datafield>
  <datafield tag="952" ind1=" " ind2=" ">
    <subfield code="0">0</subfield>
    <subfield code="1">0</subfield>
    <subfield code="2">ddc</subfield>
    <subfield code="4">0</subfield>
    <subfield code="7">0</subfield>
    <subfield code="8">Housing an</subfield>
    <subfield code="a">MAIN</subfield>
    <subfield code="b">MAIN</subfield>
    <subfield code="c">1ST</subfield>
    <subfield code="d">2017-01-14</subfield>
    <subfield code="e">Purchase</subfield>
    <subfield code="g">70.00</subfield>
    <subfield code="h">6125</subfield>
    <subfield code="l">0</subfield>
    <subfield code="o">624.18210962 EGY</subfield>
    <subfield code="p">000040929</subfield>
    <subfield code="r">2025-07-15 00:00:00</subfield>
    <subfield code="v">87.50</subfield>
    <subfield code="y">NB</subfield>
    <subfield code="z">VOL. 2.</subfield>
  </datafield>
</record>
